DIY wedding photo and video : professional techniques for the amateur documentarian /

Bibliographic Details
Main Author: Silber, Joanna
Corporate Author: ebrary, Inc
Format: eBook
Language:English
Published: Boston, MA : Course Technology, [2013]
Subjects:
Online Access:Connect to the full text of this electronic book

MARC

Tag First Indicator Second Indicator Subfields
LEADER 00000cam a2200000Ia 4500
001 in00003594839
006 m d
007 cr unu
008 151014s2013 maua o 001 0 eng d
005 20250816224321.8
020 |z 9781435460935 (pbk.) 
020 |z 1435460936 (pbk.) 
020 |a 9781435460942 
020 |a 1435460944 
035 |a (OCoLC)ocn808126415 
035 |a (NhCcYBP)ebr10547345 
035 |a (OCoLC)808126415  |z (OCoLC)794489149 
035 |a (OCoLC)808126415 
035 |z (UtOrBLW)9335 
035 |a 3997375 
037 |a CL0500000163  |b Safari Books Online 
040 |a UMI  |c UMI  |d UtOrBLW 
049 |a UMIA 
090 |a TR819  |b .S528 2012eb 
100 1 |a Silber, Joanna.  |0 http://id.loc.gov/authorities/names/no2010118218 
245 1 0 |a DIY wedding photo and video :  |b professional techniques for the amateur documentarian /  |c Joanna Silber. 
246 3 0 |a Do it yourself wedding photo and and video 
246 3 |a Wedding photo and video 
246 3 |a Wedding photography and video 
264 1 |a Boston, MA :  |b Course Technology,  |c [2013] 
264 4 |c ©2013 
300 |a 1 online resource (xxi, 266 pages) :  |b illustrations 
336 |a text  |b txt  |2 rdacontent 
337 |a computer  |b c  |2 rdamedia 
338 |a online resource  |b cr  |2 rdacarrier 
500 |a Description based on print version record. 
588 |a Description based on print version record. 
500 |a Includes index. 
500 |a Electronic resource. 
650 0 |a Wedding photography.  |0 http://id.loc.gov/authorities/subjects/sh85145900 
650 0 |a Weddings.  |0 http://id.loc.gov/authorities/subjects/sh85145906 
650 0 |a Video recording.  |0 http://id.loc.gov/authorities/subjects/sh92003035 
655 7 |a Electronic books.  |2 local 
710 2 |a ebrary, Inc.  |0 http://id.loc.gov/authorities/names/no2007088509 
776 0 8 |i Print version:  |a Silber, Joanna.  |t DIY wedding photo and video.  |d Boston, MA : Course Technology PTR, 2012  |z 9781435460935  |w (DLC) 2012934296  |w (OCoLC)796231661 
856 4 0 |u https://ebookcentral.proquest.com/lib/tamucs/detail.action?docID=3136554  |y Connect to the full text of this electronic book  |t 0 
994 |a 02  |b UMI 
999 f f |s 1bdcde62-1695-32eb-a8d5-50b30e4c2588  |i 8318db53-ee0a-3674-83ad-2925640598ff  |t 0 
999 |a MARS 
952 f f |a Texas A&M University  |b College Station  |c Electronic Resources  |d Available Online  |t 0  |e TR819 .S528 2012eb  |h Library of Congress classification 
998 f f |a TR819 .S528 2012eb  |t 0  |l Available Online